| 000 | 00472nam a2200157Ia 4500 | ||
|---|---|---|---|
| 999 |
_c7010 _d7010 |
||
| 003 | GBCCL | ||
| 005 | 20241126110617.0 | ||
| 008 | 180705b ||||| |||| 00| 0 eng d | ||
| 040 | _cGBC | ||
| 082 |
_a423.12 _bREA |
||
| 245 | _aReader's Digest Reverse Dictionary | ||
| 260 |
_c1998. _aLondon: _bReader's Digest Association Ltd., |
||
| 300 | _a767p. | ||
| 650 |
_aEnglish Language - Dictionaries _vEnglish Language - ReverseDictionaries _912455 |
||
| 942 |
_eREPRINTED _2ddc _cREF |
||